[Event "It (open) \"]
[Site "masterchessopen.com Wroclaw (Poland)"]
[Date "2007.04.29"]
[Round "3"]
[White "Bugalski Michal (POL)"]
[Black "Dobrowolski Piotr (POL)"]
[Result "0-1"]
[WhiteElo "2291"]
[BlackElo "2425"]

1.e4 e6 2.d4 d5 3.Nd2 a6 4.Ngf3 c5 5.exd5 exd5 6.Be2 c4 7.O-O Bd6 8.Re1 Ne7
9.Bf1 O-O 10.g3 Nbc6 11.c3 b5 12.Bg2 b4 13.Ne5 Bxe5 14.dxe5 bxc3 15.bxc3 Qa5
16.a4 Qxc3 17.Ba3 Be6 18.Nf3 Rfe8 19.Re3 Qa5 20.Bxe7 Rxe7 21.Nd4 Nxd4 22.Qxd4
Rc8 23.Rd1 Qc5 24.Rc3 {#R} 0-1

[Event "It (open) \"]
[Site "masterchessopen.com Budapest (Hungary)"]
[Round "0"]
[White "Burmakin Vladimir (RUS)"]
[Black "Kakabadze Revaz (GEO)"]
[Result "1-0"]
[WhiteElo "2588"]
[BlackElo "2321"]

1.d4 e6 2.e4 d5 3.Nd2 a6 4.Ngf3 c5 5.exd5 exd5 6.dxc5 Bxc5 7.Nb3 Ba7 8.Be2 Nf6
9.O-O O-O 10.c3 Nc6 11.Bg5 Re8 12.Bh4 Bg4 13.Re1 Qd6 14.Bxf6 Qxf6 15.h3 Bxh3
16.gxh3 Qg6+ 17.Kf1 Qf5 18.Kg2 Re6 19.Nfd4 Qg5+ 20.Kf1 Rg6 21.Bg4 h5 22.Nf3
Qh6 23.Bd7 Qf4 24.Nbd4 Rd8 25.Bxc6 bxc6 26.Qd2 Qc7 27.Nf5 Bc5 28.b4 Bf8 29.Re5
Qd7 30.N3h4 Bd6 31.Nxg6 Bxe5 32.Nfe7+ Kh7 33.Nxe5 {#r} 1-0

[Event "It (open) \"]
[Site "masterchessopen.com Valpovo (Croatia)"]
[Date "2010.12.04"]
[Round "4"]
[White "Kanceljak Dalia (CRO)"]
[Black "Sargac Rajna (CRO)"]
[Result "0-1"]
[WhiteElo "1906"]
[BlackElo "2192"]

1.e4 e6 2.d4 d5 3.Nd2 a6 4.Ngf3 c5 5.exd5 exd5 6.dxc5 Bxc5 7.Nb3 Bb6 8.h3 Nf6
9.Bd3 O-O 10.O-O Nc6 11.c3 Qd6 12.Nbd4 Nxd4 13.Nxd4 Bc7 14.f4 Ne4 15.Qf3 f5
16.Bxe4 dxe4 17.Qe2 Be6 18.Nxe6 Qxe6 19.Be3 Rad8 20.Bd4 Rd7 21.Qe3 Rfd8 22.Kh1
b5 23.b4 Bd6 24.Bb6 Rc8 25.a3 Be7 26.Rad1 Bf6 27.Rxd7 Qxd7 28.Bd4 Bxd4 29.cxd4
Qd5 30.Rc1 Rd8 31.Rd1 Rc8 32.Rc1 Rc4 33.Rxc4 Qxc4 34.Kg1 Kf7 35.d5 Qxd5
36.Qa7+ Kg6 37.Qxa6+ Kh5 38.Qa7 Kh6 39.Qe7 Qd4+ 40.Kh2 Qf6 41.Qc5 g5 42.fxg5+
Kxg5 43.Qxb5 Qd6+ 44.Kh1 e3 45.Qe2 Qd2 46.h4+ Kxh4 47.Qc4+ Kg3 48.Qg8+ Kf2
49.Kh2 Qd6+ 50.g3 Qh6# 0-1

[Event "It (open) \"]
[Site "masterchessopen.com Prague (Czech Republic)"]
[Round "6"]
[White "Hrabovsky Vladimir (CZE)"]
[Black "Iljushin Alexei (RUS)"]
[Result "0-1"]
[WhiteElo "1993"]
[BlackElo "2400"]

1.e4 e6 2.d4 d5 3.Nd2 a6 4.Ngf3 c5 5.exd5 exd5 6.dxc5 Bxc5 7.Bd3 Nf6 8.O-O O-O
9.h3 Nc6 10.Nb3 Be7 11.c3 Re8 12.Be3 Qc7 13.Nbd4 Na5 14.Nf5 Bxf5 15.Bxf5 Nc4
16.Bc1 Rad8 17.Bc2 Ne4 18.Qd3 g6 19.Rb1 Bf6 20.Bh6 b5 21.h4 b4 22.Bg5 Bxg5
23.hxg5 bxc3 24.bxc3 Qa5 25.Rb4 Nc5 {#R} 0-1

[Event "It (open) \"]
[Site "masterchessopen.com Pardubice (Czech Republic)"]
[Round "1"]
[White "Kalod Radek (CZE)"]
[Black "Taus Martin (CZE)"]
[Result "1-0"]
[WhiteElo "2380"]
[BlackElo "2178"]

1.e4 e6 2.d4 d5 3.Nd2 c5 4.exd5 exd5 5.Ngf3 a6 6.Be2 Nf6 7.O-O cxd4 8.Re1 Be7
9.Nxd4 O-O 10.N2b3 Nc6 11.Bg5 Re8 12.Bf3 h6 13.Bh4 Bd7 14.c3 Qb6 15.Qd3 Ne4
16.Bxe7 Rxe7 17.Bxe4 dxe4 18.Rxe4 Rxe4 19.Qxe4 Re8 20.Qc2 a5 21.Nxc6 Bxc6
22.Nd4 Be4 23.Qd2 Qg6 24.f3 Bd5 25.a4 Qb6 26.Qf2 Bb3 27.h4 Bc4 28.b3 Ba6
29.Re1 Rc8 30.Re3 Qf6 31.Qe1 Kh7 32.Qb1+ Kg8 33.Qf5 Qd8 34.Re7 Qxe7 35.Qxc8+
Kh7 36.Qf5+ g6 37.Qe4 Qc7 38.c4 h5 39.Kf2 b6 40.f4 Bb7 41.Qe5 Qd8 42.g3 Qd7
43.f5 gxf5 44.Qxf5+ Qxf5+ 45.Nxf5 Be4 46.Nd6 Bc2 47.Nc8 Bxb3 48.Nxb6 {#r} 1-0

[Event "It (open) \"]
[Site "masterchessopen.com Jyvaskyla (Finland)"]
[Round "7"]
[White "Potkin Alexey (RUS)"]
[Black "Kokkila Tero (FIN)"]
[Result "1-0"]
[WhiteElo "2240"]
[BlackElo "2335"]

1.e4 e6 2.d4 d5 3.Nd2 c5 4.exd5 exd5 5.Ngf3 a6 6.dxc5 Bxc5 7.Nb3 Bb6 8.Bd3 Nc6
9.O-O Nge7 10.Re1 O-O 11.Be3 Bc7 12.c3 Re8 13.Ng5 g6 14.Nf3 Bg4 15.h3 Bxf3
16.Qxf3 Ne5 17.Qe2 Nxd3 18.Qxd3 Nf5 19.Nd4 Nxe3 20.Rxe3 Qd6 21.g3 Qd7 22.Kg2
Rxe3 23.Qxe3 Re8 24.Qd3 Qe7 25.Rd1 Qe4+ 26.Nf3 Qxd3 27.Rxd3 Re2 28.Rd2 Rxd2
29.Nxd2 f5 30.f4 Bb6 31.Nf3 Be3 32.Ne5 Kf8 33.Kf3 Bg1 34.Nd3 Ke7 35.g4 fxg4+
36.hxg4 Ke6 37.Nc1 Kf6 38.Ne2 Bb6 39.Ng3 h6 40.f5 gxf5 41.Nxf5 h5 42.Nd6 h4
43.Nxb7 d4 44.cxd4 Bxd4 45.b4 Bc3 46.a3 Bb2 47.a4 Ba3 48.b5 axb5 49.axb5 Kg5
50.Nd8 Be7 51.Ne6+ Kf6 52.Nf4 Bd8 53.g5+ Kf5 54.g6 Bf6 55.b6 Be5 56.Nd3 {#r}
1-0

[Event "It (open) \"]
[Site "masterchessopen.com France"]
[Round "0"]
[White "Dezan Pierre (FRA)"]
[Black "Mercier Jean-Pierre (FRA)"]
[Result "1-0"]
[WhiteElo "2147"]
[BlackElo "2211"]

1.e4 e6 2.d4 d5 3.Nd2 c5 4.exd5 exd5 5.Ngf3 a6 6.Be2 Nc6 7.O-O c4 8.b3 b5 9.a4
Bb7 10.Re1 Be7 11.bxc4 bxc4 12.Rb1 Qc7 13.Bxc4 dxc4 14.Nxc4 Nd8 15.Nb6 Nh6
16.Ba3 Nf5 17.Bxe7 Nxe7 18.Nxa8 Bxa8 19.Qe2 Bd5 20.c4 Bxc4 21.Qc2 Qc8 22.Rbc1
Be6 23.Qxc8 Bxc8 24.Rxc8 {#r} 1-0

[Event "It (open) \"]
[Site "masterchessopen.com Buenos Aires (Argentina)"]
[Round "5"]
[White "Spangenberg Hugo (ARG)"]
[Black "Casafus Ruben (ARG)"]
[Result "1-0"]
[WhiteElo "2535"]
[BlackElo "2405"]

1.e4 e6 2.d4 d5 3.Nd2 c5 4.Ngf3 a6 5.exd5 exd5 6.Be2 c4 7.b3 cxb3 8.axb3 Bd6
9.O-O Ne7 10.c4 Nbc6 11.Re1 O-O 12.Nf1 Bf5 13.Ne3 Be4 14.c5 Bc7 15.Bb2 Ng6
16.Nd2 f5 17.Nxe4 fxe4 18.g3 Kh8 19.Rf1 Qg5 20.Ng2 Nge7 21.f4 exf3 22.Rxf3
Rxf3 23.Bxf3 Rf8 24.Qd3 Nb4 25.Qe2 Nec6 26.Rf1 Qd8 27.Bc3 Re8 28.Qd2 a5 29.Nh4
Rf8 30.Qe2 Re8 31.Qg2 Qg5 32.Kh1 Rf8 33.Bd2 Qe7 34.Qh3 Kg8 35.Nf5 Qe8 36.Nxg7
Kxg7 37.Bh6+ Kh8 38.Bxf8 Nxd4 39.Bg2 Be5 40.Bh6 Nd3 41.Qd7 {#r} 1-0

[Event "It (open) \"]
[Site "masterchessopen.com Berdsk (Russia)"]
[Date "2008.07.13"]
[Round "6"]
[White "Dibrov Ilya (RUS)"]
[Black "Piass Inga (RUS)"]
[Result "1-0"]
[WhiteElo "2298"]
[BlackElo "2020"]

1.e4 e6 2.d4 d5 3.Nd2 c5 4.exd5 exd5 5.Ngf3 a6 6.dxc5 Bxc5 7.Nb3 Bb6 8.Bd3 Nf6
9.Qe2+ Qe7 10.Qxe7+ Kxe7 11.Nfd4 Re8 12.O-O Nc6 13.Be3 Nxd4 14.Bxd4 Bxd4
15.Nxd4 Be6 16.f3 Kf8 17.Rfe1 g6 18.Kf2 Nd7 19.c3 b5 20.Re2 Nc5 21.Bc2 Bd7
22.Rd2 Rad8 23.Re1 Be6 24.b4 Nd7 25.a4 bxa4 26.Bxa4 Rc8 27.Nxe6+ {#r} 1-0

[Event "It (open) \"]
[Site "masterchessopen.com Greece"]
[Round "1"]
[White "Puhm Alar (FRA)"]
[Black "Skalkotas Nikolaos (GRE)"]
[Result "1-0"]
[WhiteElo "2149"]
[BlackElo "2330"]

1.e4 e6 2.d4 d5 3.Nd2 a6 4.Ngf3 c5 5.exd5 exd5 6.Be2 c4 7.O-O Bd6 8.Re1 Ne7
9.b3 cxb3 10.c4 O-O 11.Qxb3 Nbc6 12.Bb2 Bf5 13.Rad1 Rc8 14.Ne5 Na5 15.Qf3 Bb4
16.Ba3 Bxa3 17.Qxa3 dxc4 18.Ndxc4 Nxc4 19.Bxc4 Nd5 20.Qb3 Bc2 21.Qxc2 b5
22.Qb3 bxc4 23.Nxc4 Qf6 24.Ne5 Rfd8 25.Rd3 Nf4 26.Rde3 Qg5 27.Qxf7+ Kh8 28.g3
Nd5 29.Qxd5 Rxd5 30.Nf7+ Kg8 31.Nxg5 Rxg5 32.Re8+ Rxe8 33.Rxe8+ Kf7 34.Re5 Rg6
35.Ra5 {#r} 1-0

[Event "It (open) \"]
[Site "masterchessopen.com Cologne (Germany)"]
[Round "6"]
[White "Seger Ruediger (GER)"]
[Black "Jahr Ulrich Dr Dr (GER)"]
[Result "1-0"]
[WhiteElo "2390"]
[BlackElo "2145"]

1.e4 e6 2.d4 d5 3.Nd2 c5 4.exd5 exd5 5.Ngf3 a6 6.dxc5 Bxc5 7.Be2 Nf6 8.O-O O-O
9.Nb3 Ba7 10.c3 Bg4 11.Nfd4 Bxe2 12.Qxe2 Nc6 13.Be3 Re8 14.Rad1 Qd7 15.Nc2 Ng4
16.Qd2 Nxe3 17.Nxe3 Bxe3 18.fxe3 Rad8 19.e4 d4 20.cxd4 Rxe4 21.d5 Qe7 22.Rfe1
Rxe1+ 23.Rxe1 Qd6 24.dxc6 {#r} 1-0

[Event "It (open) \"]
[Site "masterchessopen.com Bratislava (Slovakia)"]
[Round "1"]
[White "Kralovic Andrej (SVK)"]
[Black "Huba Martin Sr (SVK)"]
[Result "0-1"]
[WhiteElo "2172"]
[BlackElo "2152"]

1.e4 e6 2.d4 d5 3.Nd2 a6 4.Ngf3 c5 5.exd5 exd5 6.c3 Nc6 7.Bd3 cxd4 8.Nxd4 Nxd4
9.cxd4 Bd6 10.O-O Ne7 11.Qc2 Bd7 12.Nf3 h6 13.Re1 O-O 14.h3 Nc6 15.a3 Qf6
16.Qd1 Rfe8 17.Rxe8+ Rxe8 18.Be3 Ne7 19.Rc1 Ng6 20.Bxg6 Qxg6 21.Kh1 Re4 22.Qc2
Qh5 23.Ng1 f5 24.Qd1 Qf7 25.Rc3 Qe6 26.Qc1 f4 27.Bd2 Rxd4 28.Nf3 Re4 29.Ne1 d4
30.Rf3 Bc6 31.Nd3 Re2 32.Nxf4 Bxf4 33.Bxf4 Re1+ {#R} 0-1

[Event "It (open) \"]
[Site "masterchessopen.com Pardubice (Czech Republic)"]
[Round "7"]
[White "Shaplyko Andrej (BLR)"]
[Black "Nikolenko Oleg (RUS)"]
[Result "0-1"]
[WhiteElo "2385"]
[BlackElo "2475"]

1.e4 e6 2.d4 d5 3.Nd2 c5 4.exd5 exd5 5.Ngf3 a6 6.Be2 c4 7.O-O Bd6 8.b3 cxb3
9.axb3 Ne7 10.c4 Nbc6 11.Re1 O-O 12.Nf1 Bf5 13.Bd3 Bb4 14.Bxf5 Nxf5 15.Bd2 Be7
16.Bc3 Bf6 17.Ne3 Nxe3 18.fxe3 Re8 19.Qc2 Rc8 20.Qf5 Ne7 21.Qd3 Qc7 22.Nd2 Bg5
23.Rac1 f5 24.Bb4 Qd7 25.Nf3 Bf6 26.Ne5 Bxe5 27.dxe5 Nc6 28.Ba3 d4 29.exd4
Qxd4+ 30.Qxd4 Nxd4 31.Rc3 Nb5 32.Bb2 Nxc3 33.Bxc3 b5 34.Ra1 bxc4 35.bxc4 Rxc4
36.Bb2 Rc2 37.Bd4 Rd8 38.Be3 Rd3 39.Bf4 h6 40.h4 Rc4 41.g3 g5 {#R} 0-1

[Event "It (open) (a)"]
[Site "masterchessopen.com Hassloch (Germany)"]
[Round "5"]
[White "Lenhard Martin (GER)"]
[Black "Niemetz Alexander (GER)"]
[Result "1-0"]
[WhiteElo "2072"]
[BlackElo "2013"]

1.e4 e6 2.d4 d5 3.Nd2 c5 4.exd5 exd5 5.Ngf3 a6 6.dxc5 Bxc5 7.Nb3 Be7 8.Be2 Nf6
9.O-O O-O 10.c3 Nc6 11.Qc2 h6 12.h3 Ne4 13.Nbd4 Qc7 14.Be3 Bf6 15.Rad1 Be6
16.Bd3 Rfe8 17.Rfe1 Rad8 18.Qb3 Na5 19.Qc2 Nc6 20.Re2 Re7 21.Rde1 Rde8 22.Nxe6
Rxe6 23.Bc1 Nc5 24.Bf5 Rxe2 25.Rxe2 Rxe2 26.Qxe2 Qe7 27.Qxe7 Nxe7 28.Bc2 Kf8
29.Be3 Ne6 30.Kf1 Nc6 31.Bb3 d4 32.Bxe6 dxe3 33.Bc8 Na5 34.fxe3 Nc4 35.Ke2
Nxb2 36.Bxb7 Bxc3 37.Bxa6 Ke7 38.Bb5 Kd6 39.Nd2 f5 40.Nb3 g5 41.a4 Kd5 42.a5
Be5 43.Nd4 f4 44.a6 {#r} 1-0

[Event "It (open) (a)"]
[Site "masterchessopen.com Pardubice (Czech Republic)"]
[Date "2005.07.28"]
[Round "7"]
[White "Anisimov Pavel (RUS)"]
[Black "Potkin Vladimir (RUS)"]
[Result "0-1"]
[WhiteElo "2501"]
[BlackElo "2555"]

{ Anisimov Pavel (RUS) +0 =3 -0 Potkin Vladimir (RUS) +2 =5 -3 } 1.e4 e6 2.d4
d5 3.Nd2 a6 4.Ngf3 c5 5.exd5 exd5 6.dxc5 Bxc5 7.Nb3 Bb6 { ?/= } 8.Qe2+ ( 8.Bd3
Qe7+ 9.Qe2 Nc6 10.c3 Bg4 11.O-O Qxe2 12.Bxe2 Nf6 13.h3 Bh5 14.Bf4 h6 15.Rfe1
O-O-O 16.Ne5 Bxe2 17.Rxe2 Rhe8 18.Rae1 g5 19.Be3 Rxe5 20.Bxb6 Rde8 21.Be3 Nh5
22.Nc1 f5 23.Kf1 f4 24.Bc5 f3 25.gxf3 Nf4 26.Rxe5 Rxe5 27.Rxe5 Nxe5 {
...1/2-1/2, Hjartarson Johann 2628 - Nikolic Predrag 2676 , Qaqortoq 2003 It
(open) } ) ( 8.Bg5 Nf6 9.Qd2 Qe7+ 10.Qe2 Be6 11.O-O-O h6 12.Be3 Qc7 13.Nfd4
O-O 14.f3 a5 15.Nb5 Qd8 16.Nc5 Nbd7 17.Nxb7 Qb8 18.Bxb6 Nxb6 19.Nc5 Bf5 20.Qe3
Rc8 21.Rd2 Bg6 22.Qa3 Qf4 23.Nd4 Qd6 24.Nb7 Qe5 25.Nd6 Rd8 26.N6b5 Rd7 27.Re2
Qb8 { ...1-0, Jaracz Pawel 2546 - Gurevich Mikhail 2634 , Metz 2002 It (open)
} ) 8...Ne7 { +0.11 CAP } ( 8...Be6 9.Nbd4 Qe7 10.Nxe6 fxe6 11.g3 Nf6 12.Bh3
Ne4 13.O-O Nc6 14.Be3 Bxe3 15.Qxe3 O-O 16.Rae1 Qf6 17.Nd2 Nd4 18.Nxe4 dxe4
19.Rd1 Nf3+ 20.Kh1 Rae8 21.c3 Qg6 22.Bg2 e5 23.Rd7 Qg4 24.Rxb7 Rf5 25.Qc5 Kh8
26.Qc4 Nd2 27.Qe6 Ref8 28.Ra1 { ...0-1, Ivanov Alexander 2582 - Ibragimov
Ildar 2585 , Foxwoods 2003 It (open) } ) 9.Bg5 { N } ( 9.Be3 Bg4 ( 9...Nbc6
10.O-O-O O-O 11.h3 Bf5 12.Bxb6 Qxb6 13.Nfd4 Be4 14.f3 Bg6 15.h4 Rac8 16.Rd2
Nxd4 17.Nxd4 Nc6 18.Nxc6 Rxc6 19.Qf2 Re8 20.c4 Qc7 21.Bd3 Rxc4+ 22.Kb1 Rc8
23.Qe1 Qb6 24.Bxg6 Qxg6+ 25.Ka1 h5 26.a3 b5 27.Qd1 b4 28.axb4 Rxb4 { ...0-1,
Iordachescu Viorel 2609 - Iljushin Alexei 2543 , Warsaw 22. 6.2005 Ch Europe }
) 10.Bxb6 Qxb6 11.h3 Bxf3 12.Qxf3 Nbc6 { 1/2-1/2, Oral Tomas 2550 - Nikolic
Predrag 2638 , Selfoss 2002 It (cat.12) } ) 9...Nc6 10.O-O-O O-O 11.Nfd4 Re8
12.Nxc6 bxc6 13.Qd2 a5 14.Nd4 Bd7 15.Kb1 a4 16.a3 { ?! } ( 16.Be2 { !? }
16...a3 17.b3 f6 18.Be3 { } ) 16...Ba5 17.Qc1 Qb6 18.c4 c5 19.Nb5 f6 20.Be3 d4
21.Bf4 Ng6 22.Bg3 Ne5 23.Bxe5 fxe5 24.f3 Bf5+ { ?! } ( 24...e4 { !? } 25.fxe4
Bg4 26.Bd3 Bxd1 { } ) 25.Bd3 Bxd3+ 26.Rxd3 e4 27.fxe4 Rxe4 28.Qg5 Rd8 29.Rg3
Qg6 { ? } ( 29...g6 30.Rd1 Rd7 31.Ka1 Rf7 { } ) 30.Qxd8+ { ?! } ( 30.Qxg6 { !?
} 30...hxg6 31.Rxg6 Re2 32.Rd1 { } ) 30...Bxd8 31.Rxg6 hxg6 32.h3 Re2 33.g4
Kf7 34.Rf1+ Ke6 35.Kc1 Bg5+ 36.Kb1 Bd8 37.Rf3 Bf6 38.b4 axb3 39.Rxb3 Bd8
40.Kc1 Ke5 41.Kd1 Rh2 42.Kc1 { ?! } ( 42.a4 { !? } 42...Ba5 43.Kc1 Rh1+ 44.Kb2
{ } ) 42...Ba5 43.a4 Kf4 44.Nd6 Ra2 45.Kb1 { ?! } ( 45.Nb7 { !? } 45...Bb4
46.a5 g5 47.Nd8 { } ) 45...Rxa4 46.Nb7 Bb4 47.Nd8 Ke4 48.Ne6 d3 49.Kb2 d2
50.Ng5+ Kf4 51.Ne6+ Ke5 { } {#R} 0-1

[Event "It (open) (active)"]
[Site "masterchessopen.com Gothenburg (Sweden)"]
[Round "5"]
[White "Logdahl Harald (SWE)"]
[Black "Karlsson Lars (SWE)"]
[Result "0-1"]
[WhiteElo "2220"]
[BlackElo "2500"]

1.e4 e6 2.d4 d5 3.Nd2 a6 4.Ngf3 c5 5.exd5 exd5 6.Ne5 Nf6 7.Ndf3 Nc6 8.Ng5 cxd4
9.Nexf7 Bb4+ 10.Bd2 Qe7+ 11.Qe2 O-O 12.O-O-O Qxe2 13.Bxe2 Bxd2+ 14.Rxd2 Rxf7
15.Nxf7 Kxf7 16.Bf3 Bf5 17.c4 Rc8 18.Bxd5+ Nxd5 19.cxd5 Nb4+ 20.Kd1 Bc2+
21.Ke2 d3+ 22.Kf3 Re8 23.d6 Re6 24.a3 Nc6 25.Rc1 Nd4+ 26.Kg4 Rxd6 {#R} 0-1

[Event "It (open) (b)"]
[Site "masterchessopen.com Polanica Zdroj (Poland)"]
[Date "2009.08.22"]
[Round "5"]
[White "Wozniak Grzegorz (POL)"]
[Black "Klimek Marcin (POL)"]
[Result "1-0"]
[WhiteElo "1570"]
[BlackElo "1701"]

1.e4 e6 2.d4 d5 3.Nd2 a6 4.Ngf3 c5 5.exd5 exd5 6.c3 Nc6 7.Bd3 Nf6 8.O-O cxd4
9.cxd4 Be7 10.Re1 O-O 11.h3 Nb4 12.Nb3 Nxd3 13.Qxd3 Ne4 14.Be3 Bf5 15.Qe2 Qb6
16.Rac1 Rac8 17.Rxc8 Rxc8 18.Rc1 Rxc1+ 19.Bxc1 Qc7 20.Be3 Bd7 21.Qe1 Qc2
22.Qc1 Qxc1+ 23.Nxc1 f6 24.Nd2 Bd6 25.Nxe4 dxe4 26.Ne2 Kf7 27.a3 f5 28.Bf4
Bxf4 29.Nxf4 Bc6 30.Kf1 g5 31.Ne2 Bb5 32.Ke1 Bxe2 33.Kxe2 Ke6 34.g3 Kd5 35.Ke3
h6 36.b3 b5 37.a4 bxa4 38.bxa4 a5 39.h4 Kc4 40.hxg5 hxg5 41.g4 Kd5 42.gxf5 g4
43.f6 {#r} 1-0

[Event "It (open) (b)"]
[Site "masterchessopen.com Moscow (Russia)"]
[Date "2010.02.07"]
[Round "9"]
[White "Burger Konstantin (RUS)"]
[Black "Kurdakov Yuri (RUS)"]
[Result "1-0"]
[WhiteElo "2225"]
[BlackElo "2270"]

1.e4 e6 2.d4 d5 3.Nd2 a6 4.Ngf3 c5 5.exd5 exd5 6.dxc5 Bxc5 7.Nb3 Ba7 8.Bd3 Nf6
9.O-O O-O 10.h3 Nc6 11.c3 Qd6 12.Nbd4 Nxd4 13.Nxd4 Bxd4 14.cxd4 Re8 15.Be3 Bd7
16.Rc1 Bb5 17.Bxb5 axb5 18.Qb3 Qa6 19.Rc7 Re6 20.Rfc1 Rc6 21.Rc5 Ne8 22.Re7
Rxc5 23.dxc5 Qc6 24.Bd4 Kf8 25.Qe3 Nc7 26.Bxg7+ Kxg7 27.Qg3+ Qg6 28.Qxc7 Rxa2
29.Re3 Qb1+ 30.Kh2 Ra6 31.Rf3 Rg6 32.Qxf7+ Kh6 33.Qf4+ {#r} 1-0

[Event "It (youth) (under 26)"]
[Site "masterchessopen.com Tel Aviv (Israel)"]
[Round "0"]
[White "Birer Aurelian (ISR)"]
[Black "Weisbuch Udi (ISR)"]
[Result "0-1"]
[WhiteElo "2141"]
[BlackElo "2304"]

1.e4 e6 2.d4 d5 3.Nd2 a6 4.Ngf3 c5 5.exd5 exd5 6.dxc5 Bxc5 7.Nb3 Bd6 8.Bg5 Ne7
9.Bd3 Nbc6 10.O-O Bg4 11.Bxe7 Bxe7 12.Be2 O-O 13.c3 Bf6 14.Qd2 Qd6 15.Rad1
Rad8 16.Nfd4 Bxe2 17.Qxe2 Rfe8 18.Qd2 Ne5 19.Nf5 Qd7 20.Ne3 Qe6 21.Nxd5 Kh8
22.Rfe1 Qg4 23.Qf4 Qh5 24.f3 Bh4 25.Rf1 Bg5 26.Qg3 Nc4 27.f4 Bh4 28.Qf3 Qxf3
29.Rxf3 Nxb2 30.Rd4 Na4 31.Rxa4 Rxd5 32.Rd4 Rxd4 33.cxd4 Re1+ 34.Rf1 Re2 35.g3
Be7 36.Rf2 Re3 37.Rd2 g6 38.Kf2 Re6 39.Re2 Kg7 40.d5 Rxe2+ 41.Kxe2 b6 42.Kd3
Bd6 43.Nd2 Kf6 44.Nc4 Bc5 45.g4 Ke7 46.Ke4 b5 47.Ne5 f6 48.Nd3 Bb6 49.h4 a5
50.f5 gxf5+ 51.Kxf5 b4 52.Nb2 Bd4 53.Nc4 a4 {#R} 0-1

[Event "Izt (cat.12)"]
[Site "masterchessopen.com Leningrad (Russia)"]
[Round "0"]
[White "Estevez Guillermo (CUB)"]
[Black "Korchnoi Viktor (SUI)"]
[Result "0-1"]
[WhiteElo "2335"]
[BlackElo "2650"]

1.e4 e6 2.d4 d5 3.Nd2 c5 4.exd5 exd5 5.Ngf3 a6 6.dxc5 Bxc5 7.Nb3 Ba7 8.Be2 Nf6
9.O-O Nc6 10.Bg5 O-O 11.c3 Re8 12.Nbd4 Qd6 13.Bxf6 Qxf6 14.Bd3 Bg4 15.Qd2 Kh8
16.Bc2 g6 17.Rae1 Kg7 18.Bb3 Bxf3 19.Nxf3 d4 20.cxd4 Nxd4 21.Nxd4 Bxd4 22.g3
Bxb2 23.Qd7 Rxe1 24.Rxe1 Bd4 25.Re2 b5 26.Rd2 Bb6 27.Qb7 Rd8 28.Re2 Re8 29.Rd2
a5 30.Kg2 Re7 31.Qd5 a4 32.Bd1 Re5 33.Qd6 Re6 34.Qd5 Qc3 35.Bg4 Rf6 36.Bd7 Bc5
37.Re2 Rd6 38.Qb7 Rb6 {#R} 0-1

[Event "Landesliga North 1999/00"]
[Site "masterchessopen.com Germany"]
[Round "2"]
[White "Neuman Petr (CZE)"]
[Black "Liepold Stefan (GER)"]
[Result "1-0"]
[WhiteElo "2384"]
[BlackElo "2270"]

1.e4 e6 2.d4 d5 3.Nd2 c5 4.exd5 exd5 5.Ngf3 a6 6.dxc5 Bxc5 7.Be2 Nf6 8.O-O Qd6
9.a3 Nc6 10.b4 Ba7 11.Bb2 O-O 12.c4 Rd8 13.c5 Qf4 14.Nb3 Bg4 15.h3 Bxf3
16.Bxf3 Ne5 17.Be2 Bb8 18.g3 Qh6 19.Kg2 Ne4 20.Bd4 Bc7 21.Rc1 Qg6 22.Bh5 Qg5
23.Be3 Qf6 24.Be2 Nc4 25.Bxc4 dxc4 26.Nd4 c3 27.Qf3 Qg6 28.Nf5 Re8 29.Rfd1 Re5
30.g4 h5 31.Rd7 hxg4 32.hxg4 Nd2 33.Bxd2 cxd2 34.Rd1 Bd8 35.R1xd2 Bg5 36.R2d6
Qh7 37.Ng3 Re1 38.Qxf7+ Kh8 39.Qh5 {#r} 1-0

[Event "Match"]
[Site "masterchessopen.com Tallinn (Estonia)"]
[Round "0"]
[White "Marjanovic Slavoljub (SRB)"]
[Black "Vaganian Rafael A (ARM)"]
[Result "0-1"]
[WhiteElo "2468"]
[BlackElo "2545"]

1.e4 e6 2.d4 d5 3.Nd2 c5 4.exd5 exd5 5.Ngf3 a6 6.dxc5 Bxc5 7.Nb3 Bd6 8.c3 Ne7
9.Bd3 h6 10.Nbd4 Nbc6 11.Be3 O-O 12.Qd2 Nxd4 13.Nxd4 Nc6 14.Nf3 Bg4 15.Be2
Bxf3 16.Bxf3 d4 17.Bxd4 Nxd4 18.Qxd4 Re8+ 19.Kf1 Qc7 20.Re1 Bc5 21.Rxe8+ Rxe8
22.Qd2 Rd8 23.Qe2 Qd7 24.g3 Re8 25.Qc2 Qh3+ 26.Bg2 Qg4 27.Bd5 Re5 28.c4 Qh3+
29.Bg2 Qe6 30.Bf3 Qh3+ 31.Bg2 Qh5 32.h3 Re6 33.g4 Qg5 34.Bxb7 Rf6 35.f3 h5
36.Kg2 Qe5 37.Be4 h4 38.Qe2 g6 39.b3 Rd6 40.Rc1 Qf4 41.Bd5 Rxd5 {#R} 0-1

[Event "Match \"]
[Site "masterchessopen.com Moscow (Russia)"]
[Round "0"]
[White "Kudinov Igor (RUS)"]
[Black "Gruzmann Boris (RUS)"]
[Result "1-0"]
[WhiteElo "2217"]
[BlackElo "2289"]

1.e4 e6 2.d4 d5 3.Nd2 a6 4.Ngf3 c5 5.exd5 exd5 6.dxc5 Bxc5 7.Nb3 Bb6 8.Bg5 f6
9.Bf4 Nc6 10.Be2 Nge7 11.O-O O-O 12.Qd2 Bg4 13.h3 Bxf3 14.Bxf3 Ne5 15.Be2 Nc4
16.Qc1 Rc8 17.c3 Ng6 18.Bh2 Re8 19.Qc2 Nge5 20.Rad1 g6 21.Nd4 Nc6 22.Nxc6 Rxc6
23.Bf3 Rc5 24.b4 Ne3 25.fxe3 Rxc3 26.Qxc3 Rxe3 27.Bxd5+ Kg7 28.Qxe3 Bxe3+
29.Kh1 Qb6 30.Rfe1 f5 31.Be5+ Kh6 32.h4 f4 33.a3 Qd8 34.g3 Qc8 35.Kh2 Qc2+
36.Kh1 Qf5 37.Bxf4+ Bxf4 38.gxf4 {#r} 1-0

[Event "Match (team)"]
[Site "masterchessopen.com Kuala Lumpur (Malaysia)"]
[Round "7"]
[White "Saprin S"]
[Black "Tella Jussi (FIN)"]
[Result "0-1"]
[WhiteElo "2150"]
[BlackElo "2330"]

1.e4 e6 2.d4 d5 3.Nd2 c5 4.exd5 exd5 5.Ngf3 a6 6.Be2 Nc6 7.O-O cxd4 8.Nb3 Nf6
9.Nfxd4 Be7 10.Bg5 h6 11.Bh4 O-O 12.c3 Re8 13.Re1 Bd6 14.Nc2 g5 15.Bg3 Bxg3
16.hxg3 Qd6 17.Nbd4 Bd7 18.Bd3 Rxe1+ 19.Qxe1 Re8 20.Qf1 Ne5 21.Ne3 Ne4 22.Qb1
Nc6 23.Nxc6 Qxc6 24.Nc2 Qf6 25.Qf1 Kg7 26.Nd4 h5 27.Bxe4 dxe4 28.Qe2 Kg6
29.Kh2 Qe5 30.Rh1 Bg4 31.f3 exf3 32.Qxe5 Rxe5 33.gxf3 Be6 34.a3 Bd5 35.Rf1 Re3
36.Kg1 g4 37.Kf2 Rd3 38.fxg4 hxg4 39.Re1 Bf3 40.Nxf3 Rxf3+ 41.Kg2 Rd3 42.Kf2
f5 43.Re7 Rd2+ 44.Re2 Rd7 45.Ke3 Kg5 46.Rf2 Rh7 47.Kd4 Rh3 48.Ke5 Rxg3
49.Rxf5+ Kh4 50.Rf7 b5 51.Rh7+ Kg5 52.Ra7 Re3+ 53.Kd5 g3 54.Rg7+ Kf6 55.Rg8
Re5+ 56.Kc6 Rg5 57.Rf8+ Ke5 58.Rf1 Rg6+ 59.Kc5 g2 60.Rg1 Ke4 {#R} 0-1

[Event "Memorial A.Alekhine"]
[Site "masterchessopen.com Budapest (Hungary)"]
[Round "0"]
[White "Benko Pal C (USA)"]
[Black "Lengyel Levente (HUN)"]
[Result "1-0"]
[WhiteElo "2408"]
[BlackElo "2293"]

1.e4 e6 2.d4 d5 3.Nd2 a6 4.Ngf3 c5 5.exd5 exd5 6.Qe2+ Be7 7.dxc5 Nf6 8.Nb3 O-O
9.Bg5 Ne4 10.Bxe7 Qxe7 11.O-O-O Be6 12.Nfd4 Re8 13.Qe3 Nxc5 14.Nxc5 Qxc5
15.Nxe6 Qxe3+ 16.fxe3 fxe6 17.e4 dxe4 18.Bc4 Nc6 19.Rhe1 Rad8 20.Rxd8 Nxd8
21.Rxe4 Kf7 22.Kd2 Ke7 23.Ke3 Kd6 24.Rd4+ Kc7 25.Bd3 h6 26.Rg4 Re7 27.Be4 Nc6
28.Rf4 Ne5 29.b3 b6 30.Rf8 Nd7 31.Rg8 a5 32.a3 Nf6 33.Ra8 Kd6 34.Rb8 Nxe4
35.Kxe4 Kc6 36.Rc8+ Kb5 37.c4+ Ka6 38.Rc6 Kb7 39.Rd6 Kc7 40.Ke5 Rf7 41.Rxe6 g5
42.Rxh6 Rf2 43.g4 Rf4 44.Kd5 a4 45.Rh7+ Kc8 46.b4 Rxg4 47.Kc6 {#r} 1-0

[Event "Memorial A.Sokolsky"]
[Site "masterchessopen.com Minsk (Belarus)"]
[Round "4"]
[White "Litvinov Viktor (RUS)"]
[Black "Shereshevski Mikhail (BLR)"]
[Result "0-1"]
[WhiteElo "2052"]
[BlackElo "2475"]

1.e4 e6 2.d4 d5 3.Nd2 c5 4.exd5 exd5 5.Ngf3 a6 6.Be2 c4 7.b3 b5 8.a4 Bb7 9.O-O
Bd6 10.bxc4 bxc4 11.Ba3 Ne7 12.Qc1 Nbc6 13.Bxd6 Qxd6 14.Re1 O-O 15.c3 Bc8
16.Bd1 f6 17.Nf1 Bd7 18.Ne3 Rab8 19.Bc2 Na5 20.Qa3 Qxa3 21.Rxa3 Kf7 22.Nd2 Rb2
23.Rc1 Rfb8 24.Nd1 R2b6 25.Ne3 Rb2 26.Nd1 R2b7 27.Ne3 g6 28.Kf1 Ke6 29.Ke2 Kd6
30.Kd1 Nf5 31.Nxd5 Kxd5 32.Be4+ Ke6 33.Bxb7 Rxb7 34.Ne4 Rb2 35.Rc2 Rb1+ 36.Rc1
Rxc1+ 37.Kxc1 Nb3+ 38.Kb2 Bc6 39.Rxb3 cxb3 40.Nc5+ Kd6 41.g4 Nh6 42.Kxb3 Nxg4
43.Kb4 {#R} 0-1